Pensamiento universitario, ASCUN 45 años (Registro nro. 305110)

Detalles MARC
000 -ENCABEZADO
Número de control [NR] 00867nam a2200217Ia 4500
005 - FECHA Y HORA DE LA ÚLTIMA TRANSACCIÓN
control field 20161020145942.0
008 - DE LONGITUD FIJA DE DATOS DE ELEMENTOS - INFORMACIÓN GENERAL
Elementos de longitud fija [NR] 16 s2002 ck fr 0 spa d
040 ## - FUENTE DE CATALOGACION [NR]
Agencia de catalogación original [NR] Co-BoUCM
Idioma de catalogación [NR] spa
Quien Cataloga Saul Niño
Quien Clasifica Saul Niño
041 00 - CODIGO DE IDIOMA [R]
Código de idioma para texto/pista de sonido o título separado [R] Español
111 2# - ASIENTO PRINCIPAL--NOMBRE DE REUNION [NR]
Nombre de reunión o de jurisdicción como elemento de entrada [NR] Consejo Nacional de Rectores
Lugar de la reunión [NR] Medellín (Colombia)
Fecha de la reunión [NR] 2002
Número de la parte/sección de una obra [R] 108
9 (RLIN) 81080
245 10 - MENCION DE TITULO [NR]
Título [NR] Pensamiento universitario, ASCUN 45 años
Parte restante del título [NR] actos conmemorativos
260 ## - PUBLICACION, DISTRIBUCION, ETC. (PIE DE IMPRENTA) [R]
Lugar de publicación, distribución, etc. [R] Medellín (Colombia)
-- Bogotá (Colombia)
Nombre del editor, distribuidor, etc. [R] Asociación Colombiana de Universidades
Fecha de publicación, distribución, etc. [R] 2002
300 ## - DESCRIPCION FISICA [R]
Extensión [R] 36 páginas
490 ## - MENCION DE SERIE [R]
Mención de serie [R] Pensamiento Universitario
Designación numérica/secuencial del volumen [NR] 7
650 04 - ASIENTO SECUNDARIO DE MATERIA - TERMINO TEMATICO [R]
Término temático o nombre geográfico como elemento de entrada [NR] Autonomía universitaria
Subdivisión geográfica [R] Colombia
9 (RLIN) 42431
650 04 - ASIENTO SECUNDARIO DE MATERIA - TERMINO TEMATICO [R]
Término temático o nombre geográfico como elemento de entrada [NR] Calidad de la educación
Subdivisión geográfica [R] Colombia
9 (RLIN) 30858
651 ## - ASIENTO SECUNDARIO DE MATERIA - NOMBRE GEOGRAFICO [R]
Nombre geográfico [NR] Colombia
Subdivisión general [R] Política educativa
9 (RLIN) 40248
690 #0 - ASUNTO AGREGADO LOCAL DE ENTRADA - TÉRMINO TEMÁTICO (OCLC, RLIN)
Acceso temático local Educación superior
9 (RLIN) 177
942 ## - ELEMENTOS DE ENTRADA AGREGADOS (KOHA)
Tipo de ítem principal el descrito en 300a Libro
Tema principal Educación
Edición 1
Sistema de clasificación DEWEY
Clasificación 378.006
Parte restante de la signatura top. A837ac
Existencias
Total préstamos Signatura topográfica Código de barras Última vez visto Ejemplar Price effective from Tipo de ítem Perdido Sistema de clasificación Dañado No prestable Tipo de ítem específico Suprimido Ubicación habitual Ubicación actual Localización Fecha de creación Forma de adquisición
  378.006 A837ac 100150871 26/11/2024 Ej.1 12/10/2016 Libro   DEWEY     Libro   Capellania Capellania Préstamo 2 días después de solicitado 12/10/2016 Donación